000 00277nam a2200121Ia 4500
008 151001s9999||||xx |||||||||||||| ||und||
100 _a राणू
245 _aपुजारी
250 _a1
260 _bडायमंड
300 _a169
365 _b18
999 _c968614
_d968611